Geography Quiz

Random Geography or City Quiz

Largest Cities Per State Quiz Stats

 Plays Quiz Updated Nov 27, 2018

Challenge
Share
Tweet
Embed
Score 0/121 Timer 12:00
7 Plays Today
State City % Correct
FloridaMiami
95.8%
TexasDallas
89.9%
New YorkNew York
89.1%
TexasHouston
89%
CaliforniaLos Angeles
88.9%
MississippiJackson
87.1%
IllinoisChicago
86.1%
GeorgiaAtlanta
86%
NevadaLas Vegas
85.7%
WashingtonSeattle
84.9%
MassachusettsBoston
84.8%
KansasKansas City
84.6%
MissouriKansas City
84.6%
ArizonaPhoenix
84.6%
ColoradoDenver
84.1%
CaliforniaSan Francisco
83.5%
PennsylvaniaPhiladelphia
83.1%
TennesseeNashville
83.1%
TennesseeNashville
83.1%
UtahSalt Lake City
81.6%
MichiganDetroit
81.4%
IndianaIndianapolis
81.4%
LouisianaNew Orleans
81.2%
AlaskaJuneau
81%
AlaskaJuneau
81%
MainePortland
80.9%
OregonPortland
80.9%
HawaiiHonolulu
80.1%
AlaskaAnchorage
79.9%
OhioCleveland
79.8%
FloridaJacksonville
78.2%
FloridaJacksonville
78.2%
FloridaJacksonville
78.2%
TennesseeMemphis
77.6%
TennesseeMemphis
77.6%
TexasSan Antonio
77.4%
TexasSan Antonio
77.4%
MinnesotaMinneapolis
77.2%
OklahomaOklahoma City
77%
ArkansasLittle Rock
77%
OhioColumbus
77%
State City % Correct
ConnecticutHartford
76.6%
MarylandBaltimore
76.5%
IowaDes Moines
75.5%
IdahoBoise
74%
MinnesotaSt. Paul
73.7%
MissouriSt. Louis
73.7%
South CarolinaCharleston
73.2%
West VirginiaCharleston
73.2%
West VirginiaCharleston
73.2%
VirginiaRichmond
72.5%
VirginiaRichmond
72.5%
NevadaReno
71.9%
Rhode IslandProvidence
71%
KentuckyLouisville
69.7%
KentuckyLouisville
69.7%
OhioCincinnati
69.5%
WisconsinMilwaukee
68%
North CarolinaCharlotte
67.6%
WyomingCheyenne
64.5%
WyomingCheyenne
64.5%
NebraskaOmaha
64.2%
MontanaHelena
64%
New MexicoSanta Fe
63.5%
New JerseyNewark
61.9%
New JerseyTrenton
61.4%
AlabamaBirmingham
61.2%
New MexicoAlbuquerque
58.9%
KentuckyLexington
52.9%
KentuckyLexington
52.9%
GeorgiaSavannah
52.7%
TennesseeKnoxville
50.8%
South CarolinaColumbia
50.3%
ArizonaTucson
50.2%
AlabamaMobile
48.6%
North DakotaFargo
47.2%
ConnecticutNew Haven
46.9%
ConnecticutNew Haven
46.9%
AlaskaFairbanks
46.8%
DelawareWilmington
45.9%
North CarolinaWilmington
45.9%
VirginiaVirginia Beach
45.2%
State City % Correct
MontanaBillings
44.9%
KansasWichita
43%
South DakotaSioux Falls
39.2%
IowaBurlington
38.3%
VermontBurlington
38.3%
VirginiaNorfolk
37%
VirginiaNorfolk
37%
AlaskaNome
34.3%
New HampshireManchester
31.7%
ConnecticutBridgeport
31.1%
Rhode IslandNewport
27.9%
MontanaButte
25.3%
FloridaSt. Augustine
24.9%
West VirginiaWheeling
24.3%
WyomingCasper
21.3%
IowaDavenport
19.9%
TexasGalveston
19.4%
WashingtonVancouver
15.1%
West VirginiaHuntington
14.7%
West VirginiaHuntington
14.7%
FloridaPensacola
14.1%
MississippiVicksburg
13%
IowaDubuque
12.6%
FloridaKey West
12.2%
MontanaGreat Falls
11.8%
New HampshirePortsmouth
11.4%
ConnecticutNew London
9%
MississippiNatchez
8.9%
WashingtonWalla Walla
8.9%
NevadaVirginia City
6.8%
South DakotaDeadwood
5.7%
MississippiMeridian
5.5%
North CarolinaNew Bern
5%
South DakotaYankton
3.2%
KansasLeavenworth
2.9%
NebraskaNebraska City
2.6%
IndianaNew Albany
1.7%
North DakotaPembina
0.9%
South DakotaElk Point
0.6%

You're not logged in!

Compare scores with friends on all Sporcle quizzes.
OR
Log In

You Might Also Like...

Show Comments

Extras

Top Quizzes Today


Score Distribution

Your Account Isn't Verified!

In order to create a playlist on Sporcle, you need to verify the email address you used during registration. Go to your Sporcle Settings to finish the process.

Report this User

Report this user for behavior that violates our Community Guidelines.

Details: